Pueblos en Movimiento. Conferencias Congreso Alas (Costa Rica; 2015)/
Este libro es una compilación de las conferencias magistrales del XXX Congreso de ALAS Costa Rica 2015, el cual fue convocado para reflexionar sobre los pueblos en movimiento, en un momento en el que emergían con vigor, resistencias, acciones, movimientos sociales múltiples contra los efectos de l...
Sábháilte in:
| Údar corparáideach: | |
|---|---|
| Formáid: | Imeacht comhdhála LEABHAR |
| Teanga: | Spanish |
| Foilsithe / Cruthaithe: |
Heredia, Costa Rica:
Letra Maya
2017
|
| Ábhair: | |
| Clibeanna: |
Cuir clib leis
Níl clibeanna ann, Bí ar an gcéad duine le clib a chur leis an taifead seo!
|
MARC
| LEADER | 00000nam a22000007a 4500 | ||
|---|---|---|---|
| 003 | cru CIDCACS/IIS | ||
| 005 | 20221111171500.0 | ||
| 008 | 221111b2017 cr ||||| |||| 00| 0 spa d | ||
| 020 | |a 978-9930-9533 | ||
| 040 | |c cru CIDCACS/IIS | ||
| 090 | |a 05.03.07 P977p | ||
| 111 | 1 | |9 10811 |a Pueblos en Movimiento. Conferencias Congreso Alas 2015, Costa Rica | |
| 245 | 1 | |a Pueblos en Movimiento. |b Conferencias Congreso Alas (Costa Rica; 2015)/ |c Nora Garita Bonilla, compiladora | |
| 260 | |a Heredia, Costa Rica: |b Letra Maya |c 2017 | ||
| 300 | |a 197 páginas | ||
| 520 | 3 | |a Este libro es una compilación de las conferencias magistrales del XXX Congreso de ALAS Costa Rica 2015, el cual fue convocado para reflexionar sobre los pueblos en movimiento, en un momento en el que emergían con vigor, resistencias, acciones, movimientos sociales múltiples contra los efectos de las políticas neoliberales en la región. La obra presenta que aportar directamente a la temática central para la cual fue convocado este congreso: "Pueblos en movimiento: un nuevo diálogo en la ciencias sociales. Todos los artículos presentados se refieren al escenario actual en le que se desarrollan resistencias, acciones colectivas, movimientos sociales: la pérdida de derechos y la violencia difusa, la revisión crítica de avances de gobiernos progresistas, el neoextractivismo y el mal desarrollo, Cuba y sus desafíos, exclusión y utopía. | |
| 650 | 0 | 0 | |0 TESAUROS |9 3 |a MOVIMIENTOS SOCIALES |
| 650 | 0 | 0 | |9 10778 |a PUEBLOS INDIGENAS |
| 650 | 0 | 0 | |9 8011 |a PUEBLOS |
| 650 | 0 | 0 | |9 839 |a PROBLEMAS SOCIALES |
| 651 | 4 | |9 2605 |a LATINOAMERICA | |
| 942 | |2 z |c LI | ||
| 999 | |c 44632 |d 44632 | ||
